Đà Lạt trăm năm

Lịch sử 100 năm hình thành và phát triển của Đà Lạt. Những danh thắng dành cho du lịch của Đà Lạt-Lâm Đồng; Vài nét về cuộc đời của Alexandre Yersin người đã tìm ra cao nguyên Langbian và có công khai sinh ra Đà Lạt. Tiềm năng du lịch của Đà Lạt...

Volledige beschrijving

Bewaard in:
Bibliografische gegevens
Hoofdauteur: Trương Phúc Ân
Andere auteurs: Nguyễn Điệp (tác giả)
Formaat: Boek
Taal:Vietnamese
Gepubliceerd in: 1993
Onderwerpen:
Tags: Voeg label toe
Geen labels, Wees de eerste die dit record labelt!
Thư viện lưu trữ: Mạng thư viện Đại học Đà Nẵng
LEADER 01334nam a2200337 4500
001 000014868
003 11238
005 20120516090559.0
008 120516s1993 viesd
020 |c 48000đ 
041 0 |a vie 
082 |a 915.97  |b TR-A 
100 0 |a Trương Phúc Ân 
245 0 |a Đà Lạt trăm năm  |c Trương Phúc Ân, Nguyễn Điệp 
260 |c 1993 
300 |a 225tr. + 18 tờ  |c 19 cm 
520 |a Lịch sử 100 năm hình thành và phát triển của Đà Lạt. Những danh thắng dành cho du lịch của Đà Lạt-Lâm Đồng; Vài nét về cuộc đời của Alexandre Yersin người đã tìm ra cao nguyên Langbian và có công khai sinh ra Đà Lạt. Tiềm năng du lịch của Đà Lạt 
653 |a Danh thắng 
653 |a lịch sử 
653 |a Đà Lạt 
700 |a Nguyễn Điệp  |e tác giả 
OWN |a LSP 
AVA |a UDN50  |b LSP  |d 915.97 TR-A  |e available  |t Error 5001 Not defined in file expand_doc_bib_avail.  |f 1  |g 0  |h N  |i 0  |k 1 
999 |a From the UDN01 
AVA |a UDN50  |b LSP  |d 915.97 TR-A  |e available  |t Error 5001 Not defined in file expand_doc_bib_avail.  |f 1  |g 0  |h N  |i 0  |k 1 
TYP |a Monograph 
TYP |a Printed language 
980 |a Mạng thư viện Đại học Đà Nẵng